| 000 | 00449nam a22001817a 4500 | ||
|---|---|---|---|
| 003 | MPLRDC | ||
| 005 | 20220104123309.0 | ||
| 008 | 210129b ||||| |||| 00| 0 eng d | ||
| 020 | _a7-80148-874-1 | ||
| 082 | _a874.6 DAR | ||
| 100 | _aJOHN DARNTON | ||
| 245 |
_a达尔文的阴谋 _c向洪全等译 |
||
| 250 | _a一版六刷 | ||
| 260 |
_a中国 _b新星出版社 _c2005 |
||
| 300 | _b309 | ||
| 650 | _a美国文学 | ||
| 942 |
_cBK _o874.6 DAR |
||
| 999 |
_c10162 _d10152 |
||